000 00346nam a2200133Ia 4500
008 220120s9999||||xx |||||||||||||| ||und||
020 _a9788131512487
082 _a620.4 VEN
100 _aVenkatesh, A
245 0 _aBasic Engineering Thermodynamics
260 _aUniversity press
_bNew Delhi
_c2005
300 _a748
_b425
650 _aMECHANICAL
999 _c132561
_d132561